Manual básico de terapia intensiva cardiovascular / (Registro nro. 15939)

Detalles MARC
000 -CABECERA
campo de control de longitud fija 02253nam a2200349 a 4500
001 - NÚMERO DE CONTROL
campo de control 000016368
003 - IDENTIFICADOR DEL NÚMERO DE CONTROL
campo de control DO-SdBPM
005 - FECHA Y HORA DE LA ÚLTIMA TRANSACCIÓN
campo de control 20260623134856.0
007 - CAMPO FIJO DE DESCRIPCIÓN FÍSICA--INFORMACIÓN GENERAL
campo de control de longitud fija ta
008 - DATOS DE LONGITUD FIJA--INFORMACIÓN GENERAL
campo de control de longitud fija 100304s20uu dr a 001 0 spa d
040 ## - FUENTE DE LA CATALOGACIÓN
Centro catalogador/agencia de origen DO-SdBPM
Lengua de catalogación spa
Centro/agencia transcriptor BPMSU
Centro/agencia modificador rda
082 #4 - NÚMERO DE LA CLASIFICACIÓN DECIMAL DEWEY
Número de clasificación 616.12
Número de documento/Ítem U75m [202-?]
Número de edición 22
100 1# - ENTRADA PRINCIPAL--NOMBRE DE PERSONA
Nombre de persona Ureña Rivera, Mildred Ileana
Término indicativo de función/relación autor
Código de función/relación aut.
245 10 - MENCIÓN DE TÍTULO
Título Manual básico de terapia intensiva cardiovascular /
Mención de responsabilidad, etc. Mildre Ileana Ureña Rivera, Rufino Senen Caba ; editor Ernesto Díaz Alvarez ; colaboradores Carlos Rivera ... [y otros]
260 ## - PUBLICACIÓN, DISTRIBUCIÓN, ETC.
Lugar de publicación, distribución, etc.
Fecha de publicación, distribución, etc.
264 ## - PRODUCCIÓN, PUBLICACIÓN, DISTRIBUCIÓN, FABRICACIÓN Y COPYRIGHT
Producción, publicación, distribución, fabricación y copyright Santo Domingo :
Nombre del de productor, editor, distribuidor, fabricante Laboratorio Britania,
Fecha de producción, publicación, distribución, fabricación o copyright [202-?]
300 ## - DESCRIPCIÓN FÍSICA
Extensión 208 páginas :
Otras características físicas ilustraciones, gráficos, tablas, fotografía ;
Dimensiones 27 cm.
336 ## - TIPO DE CONTENIDO
Término de tipo de contenido texto
Código de tipo de contenido txt
Fuente rdacontent
337 ## - TIPO DE MEDIO
Nombre/término del tipo de medio sin mediación
Código del tipo de medio n
Fuente rdamedia
338 ## - TIPO DE SOPORTE
Nombre/término del tipo de soporte volumen
Código del tipo de soporte nc
Fuente rdacarrier
504 ## - NOTA DE BIBLIOGRAFÍA, ETC.
Nota de bibliografía, etc. Bibliografía : página 100
505 0# - NOTA DE CONTENIDO CON FORMATO
Nota de contenido con formato Introducción. 1 -- Manejo infarto agudo de miocardio con elevación del segmento ST. 2 -- Manejo infarto agudo de miocardio sin elevación del segmento ST. 13 -- Crisis hipertensiva. 32 -- Insuficiencia cardiaca aguda (ICA). 44 --Shock cardiogénico. 51 -- Tromboembolismo pulmonar. 66 -- Reanimación cardiopulmonar y coma inducido. 81 -- Síndrome aórtico agudo 95. -- Manejo de la fibración auricular en situaciones intrahospilarias.113 -- Diagnóstico y manejo de pacientes que presentan síntomas relacionados con la bradicardia en entornos de emergencia y cuidados intensivos. 120 -- Analgesia, sedación y delirium en la unidad de cuidados intensivos cardiovascular clínica. 129 -- Gases arteriales. 139 -- Ventilación mecánica. 150 -- Medicamentos cardiovasculares (Diluciones e infusiones: inotrópicos, antiarrítmicos, antihipertensivos, analgésicos y sedantes) de uso común en UCI. 168 -- Referencias. 200<br/><br/>
590 ## - NOTA LOCAL (RLIN)
Nota local Inventariado, 2026/VM
650 #7 - PUNTO DE ACCESO ADICIONAL DE MATERIA--TÉRMINO DE MATERIA
Término de materia o nombre geográfico como elemento de entrada Cardiología
Subdivisión de forma Manuales
650 #7 - PUNTO DE ACCESO ADICIONAL DE MATERIA--TÉRMINO DE MATERIA
Término de materia o nombre geográfico como elemento de entrada Enfermedades cardiovasculares
Subdivisión general Diagnóstico
650 #7 - PUNTO DE ACCESO ADICIONAL DE MATERIA--TÉRMINO DE MATERIA
Término de materia o nombre geográfico como elemento de entrada Enfermedades cardiovasculares
Subdivisión general Tratamiento
700 1# - PUNTO DE ACCESO ADICIONAL--NOMBRE DE PERSONA
Nombre de persona Senen Caba, Rufino
Término indicativo de función/relación autor
700 1# - PUNTO DE ACCESO ADICIONAL--NOMBRE DE PERSONA
Nombre de persona Díaz Alvarez, Ernesto
Término indicativo de función/relación editor
710 2# - PUNTO DE ACCESO ADICIONAL--NOMBRE DE ENTIDAD CORPORATIVA
Nombre de entidad corporativa o nombre de jurisdicción como elemento de entrada Asociación Instituto Dominicano de Cardiología
910 ## - DATOS DE OPCIÓN DEL USUARIO (OCLC)
Datos de opción del usuario VMateo V. Control de calidad BPMSU
942 ## - ELEMENTOS DE PUNTO DE ACCESO ADICIONAL (KOHA)
Fuente del sistema de clasificación o colocación Dewey Decimal Classification
Tipo de ítem Koha Libros
Existencias
Estado de retiro Estado de pérdida Fuente del sistema de clasificación o colocación No para préstamo Código de colección Localización permanente Ubicación/localización actual Fecha de adquisición Total de préstamos Signatura topográfica completa Código de barras Fecha visto por última vez Precio válido a partir de Tipo de ítem Koha
    Dewey Decimal Classification   Colección Dominicana Biblioteca Pública Metropolitana Salomé Ureña Biblioteca Pública Metropolitana Salomé Ureña 06/23/2026   BPMSU CD 616.12 U75m [202-?] BPMSU26060715 06/23/2026 06/23/2026 Libros